| 000 | 00000nam##2200000za#4500 |
| 001 | 9.581136 |
| 003 | CaOODSP |
| 005 | 20210624191356 |
| 007 | cr ||||||||||| |
| 008 | 150406|2003||||xxc|||||o f|0| 0 eng|d |
| 040 | |aCaOODSP|beng |
| 043 | |an-cn--- |
| 086 | 1 |aNH18-22/103-131E-PDF |
| 110 | 2 |aCanada Mortgage and Housing Corporation. |
| 245 | 14|aThe Canadian residential duct and chimney survey |h[electronic resource] |
| 250 | |aRevised 2005, 2010 |
| 260 | |aOttawa - Ontario : |bCanada Mortgage and Housing Corporation |cc2003, 2005, 2010. |
| 300 | |a4p. |
| 490 | 1 |aResearch highlight. Technical series |v03-131 |
| 500 | |aFile reproduced from original print. |
| 590 | |a14-20-Supp|b2014-11-25 |
| 775 | 08|tEnquête sur les conduits et cheminées des bâtiments résidentiels au Canada |w(CaOODSP)9.607985 |
| 776 | 0#|tThe Canadian residential duct and chimney survey |w(CaOODSP)9.616721 |
| 830 | #0|aResearch highlight. Technical series ;|v03-131|w(CaOODSP)9.504482 |
| 856 | 40|ahttp://publications.gc.ca|qPDF|s558 KB|uhttps://publications.gc.ca/collections/collection_2014/schl-cmhc/NH18-22-103-131-eng.pdf|y03-131 |